Mizan-Ul-haqq (Record no. 5108)
[ view plain ]
| 000 -LEADER | |
|---|---|
| fixed length control field | 00519nam a2200229 a 4500 |
| 020 ## - INTERNATIONAL STANDARD BOOK NUMBER | |
| ISBN | |
| 082 00 - DEWEY DECIMAL CLASSIFICATION NUMBER | |
| Classification number | 239 |
| Author Cutter | PFA5 |
| 100 ## - MAIN ENTRY--AUTHOR NAME | |
| Author name | Pfander, C G |
| 245 ## - TITLE STATEMENT | |
| Title | Mizan-Ul-haqq |
| 260 ## - PUBLICATION, DISTRIBUTION, ETC. (IMPRINT) | |
| Place of publication | Iran |
| Name of publisher | Schvchi Fort |
| Year of publication | 1835 |
| 300 ## - PHYSICAL DESCRIPTION | |
| Number of Pages | 272p |
| 500 ## - GENERAL NOTE | |
| General note | includes index and biblioraphy |
| 650 ## - SUBJECT ADDED ENTRY--TOPICAL TERM | |
| Topical Term | Apologetics |
| 942 ## - ADDED ENTRY ELEMENTS (KOHA) | |
| Koha item type | Books |
| 700 1# - | |
| -- | Pfander, C G |
| Home library | Current library | Date acquired | Cost, normal purchase price | Full call number | Accession Number | Koha item type |
|---|---|---|---|---|---|---|
| Henry Martyn Institute Library | Henry Martyn Institute Library | 05/16/2008 | 50.00 | 239 PFA5 | 6913 | Archive Book |
